[Event "ICS rated blitz match"]
[Site "204.178.125.65"]
[Date "2001.09.09"]
[Round "?"]
[White "Hossa"]
[Black "ExtremeGambit"]
[Result "0-1"]
[WhiteElo "2588"]
[BlackElo "2628"]
[PlyCount "142"]
[EventDate "2001.??.??"]

1. e4 c5 2. Nf3 Nc6 3. d4 cxd4 4. Nxd4 g6 5. c4 Bg7 6. Nxc6 bxc6 7. Bd3 d6 8.
O-O Nf6 9. Nc3 O-O 10. Be2 Qa5 11. Be3 Be6 12. Rc1 Nd7 13. Qd2 Rfb8 14. b3 Nc5
15. Bf3 Rd8 16. Bh6 Nd7 17. Bxg7 Kxg7 18. Be2 h6 19. f4 Nf6 20. Kh1 d5 21. e5
Ng4 22. cxd5 cxd5 23. h3 Ne3 24. Qxe3 d4 25. Qg3 dxc3 26. f5 Bd5 27. e6 g5 28.
f6+ exf6 29. Qf2 Bxe6 30. Qxf6+ Kg8 31. Bh5 Rd7 32. Rxc3 Bd5 33. Rd3 Rf8 34.
Rfd1 Qc5 35. b4 Qb5 36. Kg1 Be6 37. Rxd7 Bxd7 38. Qxh6 g4 39. h4 Re8 40. Rf1
Re7 41. Rf4 g3 42. Rf1 Qb6+ 43. Qxb6 axb6 44. Bf3 Kg7 45. h5 Kh6 46. Rb1 f6 47.
a3 Re3 48. Ra1 f5 49. Rd1 Ba4 50. Rf1 Rxa3 51. Be2 Re3 52. Bc4 Bb3 53. Bb5 Be6
54. Rd1 Kxh5 55. Bf1 Re4 56. Rb1 f4 57. b5 Bg4 58. Bd3 Re3 59. Bf1 f3 60. gxf3
Bxf3 61. Re1 Re4 62. Rc1 Rd4 63. Re1 Rd2 64. Re8 g2 65. Rb8 Rd1 66. Rh8+ Kg6
67. Kf2 gxf1=Q+ 68. Kg3 Bd5 69. Rg8+ Bxg8 70. Kg4 Qf2 71. Kh3 Be6# {
Hossa checkmated} 0-1

[Event "ICS rated blitz match"]
[Site "204.178.125.65"]
[Date "2001.09.09"]
[Round "?"]
[White "TombRaider"]
[Black "Hossa"]
[Result "1-0"]
[WhiteElo "2848"]
[BlackElo "2583"]
[PlyCount "87"]
[EventDate "2001.??.??"]

1. d4 c5 2. dxc5 Qa5+ 3. Nc3 Nf6 4. Nf3 e6 5. Nd4 Bxc5 6. Nb3 Qb6 7. Nxc5 Qxc5
8. e4 O-O 9. Bd3 d5 10. exd5 exd5 11. Be3 Qd6 12. Be2 Nc6 13. O-O Qe5 14. Bc5
Re8 15. f4 Qe6 16. Bf3 b6 17. Ba3 Ba6 18. Re1 Qxe1+ 19. Qxe1 Rxe1+ 20. Rxe1 Nd4
21. Bd1 Nc6 22. Kf2 d4 23. Ne4 Nxe4+ 24. Rxe4 g6 25. Bf3 Rc8 26. b3 Kg7 27. Bb2
h5 28. c4 dxc3 29. Bxc3+ Kh6 30. Bf6 Bd3 31. Re3 Bf5 32. a3 Be6 33. b4 Bc4 34.
g4 Nb8 35. g5+ Kh7 36. Re7 a5 37. bxa5 bxa5 38. f5 gxf5 39. Bxh5 Nc6 40. Re3
Kg8 41. Be2 Bxe2 42. Rh3 Bh5 43. Rxh5 f4 44. Rh8# {Hossa checkmated} 1-0

[Event "ICS rated blitz match"]
[Site "204.178.125.65"]
[Date "2001.09.09"]
[Round "?"]
[White "Hossa"]
[Black "ChesterX"]
[Result "1-0"]
[WhiteElo "2577"]
[BlackElo "2713"]
[PlyCount "176"]
[EventDate "2001.??.??"]

1. d4 g6 2. g3 Nf6 3. Nf3 Bg7 4. Bg2 O-O 5. Nc3 d6 6. O-O Nbd7 7. a4 e5 8. dxe5
dxe5 9. e4 b6 10. Re1 Bb7 11. Bg5 Qe7 12. Bh3 Nc5 13. Nd5 Bxd5 14. exd5 e4 15.
b4 Na6 16. Nd2 Nxb4 17. Nxe4 Qxe4 18. Rxe4 Nxe4 19. Be7 Bxa1 20. Bxb4 Bg7 21.
Bxf8 Bxf8 22. Qe1 Re8 23. Bg2 f5 24. Bxe4 Rxe4 25. Qa1 Kf7 26. a5 Bg7 27. Qa2
Ke7 28. Qa3+ Kf7 29. axb6 axb6 30. d6 cxd6 31. Qxd6 Bd4 32. Qd7+ Kg8 33. Kg2
Bc5 34. Kf3 Rd4 35. Qe8+ Kg7 36. Qe2 Kf6 37. h4 Rd6 38. c3 Rd7 39. Qb2 Rd3+ 40.
Ke2 Rd8 41. Qb5 Rd6 42. Qa4 Re6+ 43. Kf1 h6 44. Qa8 h5 45. Qg8 Re4 46. Qh8+ Kf7
47. Qd8 Re6 48. Qc8 Rd6 49. Ke2 Re6+ 50. Kf3 Rd6 51. Qc7+ Kf6 52. Kf4 Rd3 53.
Qe5+ Kf7 54. Kg5 Be7+ 55. Kh6 Rd6 56. Qg7+ Ke8 57. Qg8+ Kd7 58. Qa8 f4 59. Qb7+
Kd8 60. Qe4 fxg3 61. fxg3 Kd7 62. Qb7+ Kd8 63. Qa6 Re6 64. Qa8+ Kc7 65. Kg7 Bc5
66. Qa4 Rd6 67. Qa7+ Kd8 68. Qb8+ Ke7 69. Qc8 Rd5 70. Qc7+ Ke6 71. Kxg6 Rd6 72.
Kxh5 Rd5+ 73. Kg6 Rd7 74. Qc6+ Rd6 75. Qe4+ Kd7+ 76. Kf7 Kd8 77. g4 Rd7+ 78.
Kf6 Be7+ 79. Ke6 Rd6+ 80. Ke5 Kc7 81. g5 Rc6 82. Qxc6+ Kxc6 83. g6 Bxh4 84. g7
Bg3+ 85. Ke6 Kb5 86. g8=Q Bf2 87. Kd5 Ka4 88. Qg2 Kb3 {ChesterX resigns} 1-0

[Event "ICS rated blitz match"]
[Site "204.178.125.65"]
[Date "2001.09.09"]
[Round "?"]
[White "ChesterX"]
[Black "Hossa"]
[Result "1-0"]
[WhiteElo "2691"]
[BlackElo "2599"]
[PlyCount "103"]
[EventDate "2001.??.??"]

1. c4 e5 2. g3 Nc6 3. Nc3 Nf6 4. Nf3 Be7 5. Bg2 O-O 6. O-O d6 7. d3 Bg4 8. Be3
Qd7 9. d4 Bxf3 10. exf3 exd4 11. Bxd4 Nxd4 12. Qxd4 Rfe8 13. Rfe1 c6 14. Rad1
b5 15. cxb5 cxb5 16. f4 Rac8 17. Qb4 Rb8 18. Re2 a6 19. Rde1 Bf8 20. Qa5 Rxe2
21. Rxe2 Qc8 22. a3 h5 23. Re1 h4 24. Bf3 hxg3 25. hxg3 b4 26. axb4 Qh3 27.
Qxa6 Rxb4 28. Qe2 Rb8 29. Bg2 Qh7 30. Ra1 Re8 31. Qd1 Re6 32. b4 Ne8 33. b5 Nf6
34. b6 Nd7 35. b7 Nb8 36. Ra8 Re8 37. Bc6 Rd8 38. Qg4 Qc2 39. Qc8 Rxc8 40.
bxc8=Q Qxc3 41. Rxb8 Qe1+ 42. Kg2 Qe7 43. Bd5 g5 44. Qf5 Kg7 45. fxg5 f6 46.
Rb7 Qxb7 47. Qxf6+ Kh7 48. g6+ Kh6 49. g7+ Kh5 50. Qh4+ Kg6 51. g8=Q+ Bg7 52.
Qgh7# {Hossa checkmated} 1-0

[Event "ICS rated blitz match"]
[Site "204.178.125.65"]
[Date "2001.09.09"]
[Round "?"]
[White "Danimir"]
[Black "Hossa"]
[Result "1-0"]
[WhiteElo "2345"]
[BlackElo "2594"]
[PlyCount "149"]
[EventDate "2001.??.??"]

1. d4 d5 2. e3 Nf6 3. Bd3 c5 4. c3 Bg4 5. f3 Bc8 6. f4 e6 7. Nf3 cxd4 8. exd4
Bd7 9. Nbd2 Bd6 10. Ne5 Nc6 11. O-O Qe7 12. Qe2 O-O-O 13. Ndf3 h5 14. Bd2 Kb8
15. Nxd7+ Qxd7 16. Ne5 Qe7 17. Rae1 Qc7 18. b4 Rc8 19. a4 Rcd8 20. a5 Rhf8 21.
Kh1 h4 22. Qd1 Rc8 23. Qa4 g6 24. Re2 Be7 25. Rb1 Ka8 26. b5 Qxa5 27. bxc6 Qxa4
28. cxb7+ Kb8 29. bxc8=Q+ Kxc8 30. Ree1 Qa2 31. Be3 h3 32. gxh3 Qa5 33. Ra1 Qc7
34. Ra6 Bd6 35. Rea1 Bxe5 36. dxe5 Nd7 37. Rxa7 Qc6 38. R7a6 Qxc3 39. Rc1 Qxc1+
40. Bxc1 Kc7 41. Be3 Rb8 42. Ra3 Rb2 43. Rc3+ Kd8 44. Kg1 Rb4 45. Ra3 Ke7 46.
Kf2 d4 47. Bd2 Rb2 48. Ke1 Nc5 49. Kd1 Kd7 50. Kc1 Rb7 51. Kc2 Kc6 52. Ra8 Rd7
53. Rc8+ Rc7 54. Rxc7+ Kxc7 55. Bb4 Na4 56. Kb3 Nb6 57. Ba5 Kc6 58. Bxb6 Kxb6
59. Kc4 Kc7 60. Kxd4 Kd8 61. Kc5 Ke7 62. h4 Kf8 63. Kd6 Ke8 64. Be2 Kf8 65. h5
Kg7 66. Ke7 Kh7 67. Bg4 Kh6 68. Kxf7 gxh5 69. Bxe6 h4 70. Bg4 Kh7 71. e6 Kh6
72. e7 Kh7 73. e8=Q h3 74. Qg8+ Kh6 75. Qg7# {Hossa checkmated} 1-0

[Event "ICS rated blitz match"]
[Site "204.178.125.65"]
[Date "2001.09.09"]
[Round "?"]
[White "ROVER2002"]
[Black "Hossa"]
[Result "0-1"]
[WhiteElo "2330"]
[BlackElo "2570"]
[PlyCount "21"]
[EventDate "2001.??.??"]

1. d4 d5 2. c4 c6 3. Nf3 e6 4. e3 Nf6 5. Nbd2 Nbd7 6. Bd3 Bb4 7. O-O O-O 8. e4
Bxd2 9. Nxd2 e5 10. exd5 cxd5 11. Ne4 {ROVER2002 resigns} 0-1

[Event "ICS rated blitz match"]
[Site "204.178.125.65"]
[Date "2001.09.09"]
[Round "?"]
[White "Hossa"]
[Black "monsoon"]
[Result "0-1"]
[WhiteElo "2576"]
[BlackElo "2552"]
[PlyCount "108"]
[EventDate "2001.??.??"]

1. d4 Nf6 2. Nf3 g6 3. g3 Bg7 4. Bg2 O-O 5. c4 d6 6. O-O Nbd7 7. Nc3 e5 8. dxe5
dxe5 9. Qc2 c6 10. Rd1 Qc7 11. Ng5 Rd8 12. b3 h6 13. Nge4 Nxe4 14. Nxe4 f5 15.
Nd6 e4 16. Bb2 Nc5 17. Bxg7 Qxg7 18. Rac1 a5 19. Rb1 Be6 20. Qd2 b6 21. Qe3 Rd7
22. Rd2 g5 23. g4 f4 24. Qh3 Rad8 25. Rbd1 Qe5 26. Qxh6 Rxd6 27. Rxd6 Rxd6 28.
Rxd6 Qxd6 29. Qxg5+ Kf7 30. Qh5+ Ke7 31. Qh7+ Kd8 32. h3 Qd1+ 33. Bf1 Qd4 34.
Qa7 Nd7 35. Qb7 Ne5 36. a3 e3 37. fxe3 Qxe3+ 38. Kg2 Bd7 39. Qb8+ Ke7 40. Qh8
a4 41. Qg7+ Kd6 42. Qf8+ Kc7 43. bxa4 Nxc4 44. Qa8 Nd2 45. a5 b5 46. a6 Ne4 47.
Qb7+ Kd8 48. Qb8+ Bc8 49. Qa7 Qxa7 50. Kh1 Qf2 51. Bg2 Ng3+ 52. Kh2 Nxe2 53. h4
Bxg4 54. a4 Qg1# {Hossa checkmated} 0-1

[Event "ICS rated blitz match"]
[Site "204.178.125.65"]
[Date "2001.09.09"]
[Round "?"]
[White "monsoon"]
[Black "Hossa"]
[Result "1/2-1/2"]
[WhiteElo "2569"]
[BlackElo "2559"]
[PlyCount "90"]
[EventDate "2001.??.??"]

1. e4 c5 2. Nf3 Nc6 3. d4 cxd4 4. Nxd4 Qc7 5. Nc3 e6 6. Be2 a6 7. O-O Nf6 8.
Be3 Bb4 9. Na4 Bd6 10. g3 b5 11. Nb6 Rb8 12. Nxc8 Rxc8 13. a4 Nxd4 14. Bxd4 e5
15. Be3 Bc5 16. Qd3 Bxe3 17. Qxe3 bxa4 18. Bxa6 Rb8 19. b3 axb3 20. cxb3 Qb6
21. Qxb6 Rxb6 22. Bc4 O-O 23. f3 g5 24. Ra5 Re8 25. Kf2 Kg7 26. h3 Rc6 27. Rc1
h6 28. Rca1 Kg6 29. g4 h5 30. Ke3 Rb6 31. R1a2 Rc6 32. Rc2 Rb6 33. Rd2 hxg4 34.
hxg4 Rc6 35. Rc2 Rb6 36. Rb2 Rc8 37. Rh2 d6 38. Ra7 Nxg4+ 39. fxg4 Rxc4 40.
bxc4 Rb3+ 41. Kf2 Rb2+ 42. Kg3 Rb3+ 43. Kg2 Rb2+ 44. Kg3 Rb3+ 45. Kg2 Rb2+ {
Game drawn by mutual agreement} 1/2-1/2

[Event "ICS rated blitz match"]
[Site "204.178.125.65"]
[Date "2001.09.09"]
[Round "?"]
[White "Hossa"]
[Black "monsoon"]
[Result "0-1"]
[WhiteElo "2559"]
[BlackElo "2569"]
[PlyCount "77"]
[EventDate "2001.??.??"]

1. e4 c5 2. Nf3 d6 3. d4 cxd4 4. Nxd4 Nf6 5. Nc3 a6 6. Bd3 e5 7. Nf3 h6 8. Qe2
Nc6 9. Be3 Be6 10. O-O Rc8 11. Rfd1 Be7 12. Na4 Nb4 13. Nb6 Rc6 14. Nxe5 dxe5
15. Bb5 axb5 16. Rxd8+ Bxd8 17. c3 Bxb6 18. Bxb6 Bc4 19. Qe3 Nxa2 20. Bc5 Ng4
21. Qg3 Rxc5 22. Qxg4 O-O 23. Qd7 Rfc8 24. h3 b4 25. cxb4 Nxb4 26. Qxb7 Nd3 27.
f3 Be6 28. b4 Rc2 29. g4 Kh7 30. Qb5 R8c3 31. Rf1 Bc4 32. Qa4 Nf4 33. Qxc2 Rxc2
34. Ra1 Nxh3+ 35. Kh1 Ng5 36. Ra3 Bf1 37. Kg1 Bg2 38. f4 exf4 39. b5 {
Hossa resigns} 0-1

[Event "ICS rated blitz match"]
[Site "204.178.125.65"]
[Date "2001.09.09"]
[Round "?"]
[White "wilburr"]
[Black "Hossa"]
[Result "0-1"]
[WhiteElo "2005"]
[BlackElo "2544"]
[PlyCount "41"]
[EventDate "2001.??.??"]

1. d4 d5 2. c4 e6 3. e3 Nf6 4. Nc3 Be7 5. Nf3 O-O 6. Bd3 dxc4 7. Bxc4 b6 8. O-O
Bb7 9. Bd3 c5 10. b3 cxd4 11. Nxd4 Nbd7 12. Bb2 Ne5 13. Be2 Bc5 14. Nf3 Nxf3+
15. Bxf3 Qxd1 16. Bxd1 Rfd8 17. Bc2 Rd2 18. Rac1 Bxe3 19. Nd1 Bg5 20. Bc3 Re2
21. a4 {wilburr resigns} 0-1

[Event "ICS rated blitz match"]
[Site "204.178.125.65"]
[Date "2001.09.09"]
[Round "?"]
[White "Hossa"]
[Black "Golem"]
[Result "0-1"]
[WhiteElo "2545"]
[BlackElo "2821"]
[PlyCount "107"]
[EventDate "2001.??.??"]

1. d4 Nf6 2. Nf3 d5 3. c4 c6 4. Nc3 e6 5. e3 Nbd7 6. Bd2 Bd6 7. Qc2 O-O 8. c5
Bc7 9. Bd3 e5 10. dxe5 Nxe5 11. Nxe5 Bxe5 12. O-O Qe7 13. Ne2 Ne4 14. Ba5 Nxc5
15. Bb4 Qh4 16. Bxh7+ Qxh7 17. Qxh7+ Kxh7 18. Bxc5 Rh8 19. Nd4 Bd7 20. Bb4 Kg8
21. h3 b6 22. Bc3 c5 23. Nf3 Bxc3 24. bxc3 Rh5 25. Rfd1 Bb5 26. g4 Rxh3 27. Kg2
Rh6 28. Rxd5 Bc6 29. Rf5 Rd6 30. Rh5 Rf6 31. Rh3 Rd8 32. Rah1 Kf8 33. a3 Ke7
34. Re1 Be4 35. Rg3 Rh8 36. Rg1 g5 37. a4 a5 38. c4 Rh4 39. Kf1 Bxf3 40. Ke1
Bc6 41. Ke2 Rh2 42. Rf1 Bxa4 43. e4 Rf4 44. Ke3 Bc6 45. Kd3 Bxe4+ 46. Ke2 Bb7
47. Rb3 Ba6 48. Re1 Bxc4+ 49. Kd1+ Kd7 50. Rxb6 Rfxf2 51. Rg1 Ra2 52. Kc1 Kc7
53. Rb1 Bd3 54. Rf1 {Hossa resigns} 0-1

[Event "ICS rated blitz match"]
[Site "204.178.125.65"]
[Date "2001.09.09"]
[Round "?"]
[White "Golem"]
[Black "Hossa"]
[Result "1-0"]
[WhiteElo "2826"]
[BlackElo "2540"]
[PlyCount "136"]
[EventDate "2001.??.??"]

1. d4 d5 2. c4 c6 3. Nf3 e6 4. Qc2 Nf6 5. Nbd2 dxc4 6. Nxc4 c5 7. dxc5 Bxc5 8.
e3 Nc6 9. Be2 Nb4 10. Qb3 O-O 11. O-O Qe7 12. a3 Nbd5 13. Rd1 Ng4 14. Bd3 Nf4
15. exf4 Nxf2 16. Be3 Nxd1 17. Rxd1 b6 18. Qb5 Bb7 19. Bxc5 bxc5 20. Ng5 g6 21.
Ne5 Rad8 22. Rc1 f6 23. Nxe6 fxe5 24. Nxd8 Rxd8 25. Re1 e4 26. Bxe4 Bxe4 27.
Qc4+ Kg7 28. Qxe4 Qxe4 29. Rxe4 Rd1+ 30. Kf2 Kf6 31. g3 Rd3 32. Re3 Rd2+ 33.
Re2 Rd3 34. Rc2 Rb3 35. Kg1 Rb5 36. Kg2 Rb3 37. Kh3 Rb5 38. Kg4 Ke6 39. h4 Kd5
40. Rd2+ Ke4 41. Re2+ Kd3 42. Re7 h5+ 43. Kg5 Rxb2 44. Kxg6 c4 45. Rd7+ Ke3 46.
Rc7 Kd3 47. f5 c3 48. f6 Rg2 49. f7 Rxg3+ 50. Kxh5 Rf3 51. Kg6 c2 52. h5 Rg3+
53. Kf6 Rf3+ 54. Kg7 Rg3+ 55. Kf8 Kd2 56. h6 Rc3 57. Rxc3 Kxc3 58. h7 c1=Q 59.
h8=Q+ Kb3 60. Qh3+ Kb2 61. Qg4 Ka2 62. Kg8 Qc3 63. f8=Q Qc2 64. Qf7+ Qb3 65.
Qgf3 Qxf7+ 66. Kxf7 Kb2 67. Ke6 Kc2 68. Kd5 Kb1 {Hossa resigns} 1-0

[Event "ICS rated blitz match"]
[Site "204.178.125.65"]
[Date "2001.09.09"]
[Round "?"]
[White "Bernardov"]
[Black "Hossa"]
[Result "0-1"]
[WhiteElo "2143"]
[BlackElo "2535"]
[PlyCount "55"]
[EventDate "2001.??.??"]

1. d3 d5 2. Nf3 e6 3. g3 Nf6 4. Bg2 Bd6 5. O-O e5 6. c4 dxc4 7. Qa4+ Nc6 8.
dxc4 O-O 9. Nc3 Bd7 10. Qc2 Nb4 11. Qb3 Bf5 12. Ne1 Rb8 13. a3 Na6 14. Be3 Nc5
15. Qd1 a6 16. b4 Nce4 17. Nxe4 Nxe4 18. c5 Be7 19. Qc1 Qd5 20. f3 Nf6 21. Bg5
e4 22. Kh1 Bg6 23. Nc2 Rbd8 24. Ne3 Qxg5 25. f4 Qh6 26. g4 Ne8 27. g5 Qh4 28.
f5 {Bernardov resigns} 0-1

[Event "ICS rated blitz match"]
[Site "204.178.125.65"]
[Date "2001.09.09"]
[Round "?"]
[White "Hossa"]
[Black "monsoon"]
[Result "0-1"]
[WhiteElo "2538"]
[BlackElo "2626"]
[PlyCount "122"]
[EventDate "2001.??.??"]

1. e4 c5 2. Nf3 d6 3. d4 cxd4 4. Nxd4 Nf6 5. Nc3 a6 6. Bg5 e6 7. f4 Nbd7 8. Qf3
Qc7 9. O-O-O b5 10. Bd3 Bb7 11. Rhe1 Be7 12. Qg3 b4 13. Nb1 h6 14. Bh4 O-O 15.
e5 dxe5 16. fxe5 Nd5 17. Bxe7 Nxe7 18. Rd2 Nc5 19. Nb3 Nxd3+ 20. Qxd3 Rfd8 21.
Qe2 Bd5 22. Qe3 Rac8 23. g4 a5 24. Nd4 Qc4 25. b3 Qc5 26. g5 h5 27. Qh3 g6 28.
Qe3 a4 29. Qf2 Rd7 30. bxa4 Qc4 31. Nb3 Nf5 32. Kb2 Kh8 33. a5 Rdc7 34. Ka1 Ra8
35. Qf1 Qh4 36. Qg1 Rc4 37. Rf1 Rg4 38. Qb6 Qxg5 39. Re1 Rc4 40. Rde2 Qe7 41.
Rc1 Rc6 42. Qb5 Rac8 43. N1d2 Rc3 44. Kb1 Ne3 45. Qb6 Nxc2 46. Rf1 Na3+ 47. Ka1
R3c6 48. Qf2 Nc2+ 49. Kb1 Kg8 50. Ne4 Na3+ 51. Ka1 Bxe4 52. Rxe4 Qc7 53. Qd2
Rc2 54. Qxb4 Rxh2 55. Qc5 Qxc5 56. Nxc5 Rxc5 57. Rd1 Rcc2 58. Re2 Rhxe2 59.
Rd8+ Kg7 60. Rg8+ Kxg8 61. a6 Rxa2# {Hossa checkmated} 0-1

[Event "ICS rated blitz match"]
[Site "204.178.125.65"]
[Date "2001.09.09"]
[Round "?"]
[White "QueenMaxima"]
[Black "Hossa"]
[Result "1-0"]
[WhiteElo "2435"]
[BlackElo "2526"]
[PlyCount "183"]
[EventDate "2001.??.??"]

1. e4 c5 2. Nc3 d6 3. Nf3 e6 4. Bc4 Be7 5. O-O Nf6 6. d4 cxd4 7. Nxd4 O-O 8.
Be3 Nxe4 9. Nxe4 d5 10. Bd3 dxe4 11. Bxe4 f5 12. Bd3 Kh8 13. Re1 e5 14. Nb3 Nc6
15. Qe2 Qc7 16. Bc4 f4 17. Bd2 f3 18. gxf3 Qd6 19. Bc3 Qg6+ 20. Kh1 Bh3 21. Rg1
Qh5 22. Bd5 Bd6 23. Qb5 Rab8 24. Rad1 Qh4 25. Bxc6 bxc6 26. Qxc6 Rb6 27. Qd5
Qh5 28. Rg3 Bb8 29. Qd8 Rg8 30. Qg5 Qxg5 31. Rxg5 Re6 32. f4 h6 33. Rg3 Bf5 34.
fxe5 Bxe5 35. Bxe5 Rxe5 36. Nd4 Rd8 37. c3 Re7 38. Re3 Rb7 39. Rde1 Bg6 40. b3
Rf7 41. Re7 Kg8 42. f3 Kf8 43. R7e5 Kg8 44. a4 Kh7 45. Re7 Rd7 46. Re8 Bd3 47.
R1e3 Bb1 48. Kg1 g5 49. Kf2 Bg6 50. a5 Rc7 51. Ne6 Rb7 52. Nd8 Rfd7 53. Nxb7
Bxe8 54. Nc5 Rc7 55. Na6 Rc6 56. Re7+ Kg6 57. Nb4 Rc8 58. a6 Ra8 59. c4 Kf5 60.
Nd5 Bc6 61. Ne3+ Kf6 62. Rh7 Kg6 63. Rc7 Be8 64. Re7 Bf7 65. b4 Kf6 66. Rb7 Be6
67. Rh7 Kg6 68. Rc7 h5 69. b5 Kf6 70. Rb7 Bc8 71. Nd5+ Ke5 72. Re7+ Kd6 73. Ke3
Kc5 74. Rc7+ Kd6 75. Rc6+ Ke5 76. Rg6 Bf5 77. Rxg5 Rh8 78. f4+ Ke6 79. b6 axb6
80. a7 b5 81. Nc7+ Kd7 82. a8=R Rh7 83. Nd5 bxc4 84. Rxf5 Rh6 85. Ra7+ Ke6 86.
Re5+ Kd6 87. Ra6+ Kc5 88. Nb6+ Kb4 89. Ra4+ Kc3 90. Rxc4+ Kb2 91. Rb5+ Ka3 92.
Ra4# {Hossa checkmated} 1-0

[Event "ICS rated blitz match"]
[Site "204.178.125.65"]
[Date "2001.09.09"]
[Round "?"]
[White "flytox"]
[Black "Hossa"]
[Result "0-1"]
[WhiteElo "2150"]
[BlackElo "2506"]
[PlyCount "106"]
[EventDate "2001.??.??"]

1. e4 c5 2. Nf3 Nc6 3. Bb5 Nf6 4. Bxc6 dxc6 5. d3 c4 6. e5 Ng8 7. dxc4 Qxd1+ 8.
Kxd1 Be6 9. b3 O-O-O+ 10. Ke2 Bf5 11. c3 Bd3+ 12. Ke1 e6 13. Be3 Kb8 14. Nbd2
Ba3 15. Ng5 Rd7 16. Nge4 Bb2 17. Rd1 Bc2 18. Ke2 Bxd1+ 19. Rxd1 b6 20. c5 b5
21. b4 f5 22. exf6 Nxf6 23. Nxf6 gxf6 24. Ne4 Rxd1 25. Kxd1 f5 26. Kc2 fxe4 27.
Kxb2 Rd8 28. Bd4 Kb7 29. Kc2 Rg8 30. g3 Rd8 31. h4 Rd5 32. a3 e5 33. Be3 h5 34.
Kb3 Rd1 35. c4 Rd3+ 36. Kb2 bxc4 37. a4 Rb3+ 38. Kc2 Rxb4 39. Bg5 Rxa4 40. Bf6
Ra5 41. Bxe5 Rxc5 42. Bd4 Rd5 43. Be3 Rd3 44. Bc5 a5 45. Kb2 a4 46. Ka2 c3 47.
Kb1 Rd5 48. Be3 Rb5+ 49. Kc2 a3 50. Kxc3 a2 51. Kc4 a1=Q 52. Bd4 Qf1+ 53. Kc3
Qc1# {flytox checkmated} 0-1

[Event "ICS rated blitz match"]
[Site "204.178.125.65"]
[Date "2001.09.09"]
[Round "?"]
[White "Hossa"]
[Black "flytox"]
[Result "1-0"]
[WhiteElo "2510"]
[BlackElo "2146"]
[PlyCount "67"]
[EventDate "2001.??.??"]

1. e4 e6 2. d4 d5 3. Nc3 dxe4 4. Nxe4 Nd7 5. Bd3 Ngf6 6. Qe2 Nxe4 7. Bxe4 Nf6
8. Bxb7 Bxb7 9. Qb5+ Qd7 10. Qxb7 Rd8 11. Nf3 Bd6 12. Bg5 O-O 13. Ne5 Qa4 14.
Nc6 Rde8 15. b3 Qa3 16. Bc1 Rb8 17. Nxb8 Qb4+ 18. Qxb4 Bxb4+ 19. Bd2 Bxd2+ 20.
Kxd2 Rxb8 21. Kd3 Kf8 22. c4 c6 23. Rae1 a5 24. Re5 Ra8 25. Rc5 Ra6 26. Rg5 h6
27. Rg3 a4 28. b4 a3 29. Kc2 Nd7 30. Re1 f6 31. Rxe6 Kf7 32. b5 Ra4 33. Rxc6
Nb8 34. Rc7+ {flytox resigns} 1-0

[Event "ICS rated blitz match"]
[Site "204.178.125.65"]
[Date "2001.09.09"]
[Round "?"]
[White "QueenMaxima"]
[Black "Hossa"]
[Result "0-1"]
[WhiteElo "2479"]
[BlackElo "2514"]
[PlyCount "162"]
[EventDate "2001.??.??"]

1. e4 c5 2. Bc4 e6 3. Nc3 Nc6 4. Nf3 Nf6 5. O-O Nxe4 6. Nxe4 d5 7. d3 dxc4 8.
dxc4 b6 9. Bg5 f6 10. Be3 Qxd1 11. Raxd1 Bb7 12. Nc3 Rd8 13. Rfe1 Nb4 14. Rxd8+
Kxd8 15. Rd1+ Kc8 16. Ne1 Be7 17. a3 Nc6 18. Nd3 Rd8 19. Nb5 a6 20. Nc3 Nd4 21.
Bxd4 Rxd4 22. b3 Rg4 23. Ne1 Bc6 24. f3 Rd4 25. Nd3 Rd8 26. Re1 Kd7 27. Kf2 g5
28. a4 Bd6 29. a5 bxa5 30. Ra1 Kc7 31. Rxa5 Kb6 32. Ra1 h5 33. Re1 Bd7 34. g3
h4 35. Ne4 Be7 36. gxh4 gxh4 37. Nf4 Re8 38. Rd1 Rd8 39. Ng6 Bc6 40. Re1 Bd6
41. Nxd6 Rxd6 42. Nxh4 Rd4 43. Ng6 e5 44. Ke3 Rd7 45. Rg1 Rh7 46. h4 Be8 47. f4
Rh6 48. Ne7 Rxh4 49. fxe5 fxe5 50. Rg5 Rh5 51. Rxh5 Bxh5 52. Ke4 Kb7 53. Nf5
Kc7 54. Kxe5 Kc6 55. Ne7+ Kd7 56. Nd5 Kc6 57. Kf4 Kd6 58. Nc3 Bg6 59. Ne4+ Kc6
60. Ke5 Bh7 61. c3 a5 62. Kf4 Bg6 63. Ke3 Kb6 64. Kf3 Bh5+ 65. Kf4 Bd1 66. Nd2
Kc6 67. Ke5 a4 68. b4 a3 69. Ne4 cxb4 70. cxb4 a2 71. Kf4 a1=Q 72. b5+ Kb6 73.
Kf5 Bc2 74. c5+ Kxb5 75. c6 Kxc6 76. Kf4 Qd4 77. Kg5 Qxe4 78. Kf6 Kd6 79. Kg5
Ke6 80. Kh5 Kf6 81. Kh6 Qh4# {QueenMaxima checkmated} 0-1

[Event "ICS rated blitz match"]
[Site "204.178.125.65"]
[Date "2001.09.09"]
[Round "?"]
[White "Hossa"]
[Black "Clemente"]
[Result "0-1"]
[WhiteElo "2528"]
[BlackElo "2414"]
[PlyCount "71"]
[EventDate "2001.??.??"]

1. e4 c5 2. Nf3 Nc6 3. d4 cxd4 4. Nxd4 Nf6 5. Nc3 d6 6. g3 g6 7. Nde2 Bg7 8.
Bg2 Bd7 9. O-O Qc8 10. Nd5 O-O 11. Bg5 Qd8 12. Nxf6+ exf6 13. Bf4 Qb6 14. Bxd6
Rfd8 15. Ba3 Bg4 16. Qe1 Bh6 17. Rd1 Rxd1 18. Qxd1 Rd8 19. Bd6 Bf8 20. Qb1 Bxe2
21. Re1 Rxd6 22. Rxe2 Qd8 23. Qf1 Nd4 24. Re1 Nxc2 25. Rb1 Rd2 26. Qb5 Rxf2 27.
Kxf2 Qd4+ 28. Ke2 Qe3+ 29. Kf1 Bc5 30. Qxc5 Qxc5 31. Ke2 Ne3 32. b4 Qc2+ 33.
Kxe3 Qxb1 34. Bf3 Qg1+ 35. Kd3 Qxh2 36. a4 {Hossa resigns} 0-1

[Event "ICS rated blitz match"]
[Site "204.178.125.65"]
[Date "2001.09.09"]
[Round "?"]
[White "ciba"]
[Black "Hossa"]
[Result "1/2-1/2"]
[WhiteElo "2189"]
[BlackElo "2507"]
[PlyCount "120"]
[EventDate "2001.??.??"]

1. d4 Nf6 2. Nf3 d5 3. c4 c6 4. e3 e6 5. Nc3 b6 6. Bd3 Bd6 7. O-O Ba6 8. Qe2
dxc4 9. Bxc4 Bxc4 10. Qxc4 O-O 11. e4 Nfd7 12. Bg5 Be7 13. Bf4 Qc8 14. Rac1 a6
15. Rfd1 Ra7 16. d5 exd5 17. exd5 Bf6 18. d6 Re8 19. Re1 Nc5 20. Rxe8+ Qxe8 21.
Re1 Qf8 22. b4 Bxc3 23. Qxc3 Ne6 24. Bg3 a5 25. a3 axb4 26. axb4 c5 27. bxc5
bxc5 28. h3 Nd7 29. Ne5 Qxd6 30. Nxf7 Qd4 31. Qxd4 Nxd4 32. Nd6 Nf6 33. Kh2 Ra2
34. Rc1 Rc2 35. Rxc2 Nxc2 36. Be5 Nd7 37. Bc3 Kf8 38. Kg3 Nd4 39. Bxd4 cxd4 40.
Kf3 Nc5 41. Nf5 d3 42. Ke3 Ne6 43. g3 Nc5 44. Nd6 d2 45. Kxd2 Ke7 46. Nf5+ Kf6
47. Nd4 g6 48. Ke3 Ke5 49. f4+ Kd5 50. g4 Ne4 51. f5 gxf5 52. Nxf5 Ng5 53. h4
Nf7 54. Kf4 Ke6 55. g5 Nd8 56. h5 Kd5 57. g6 Ne6+ 58. Kg4 hxg6 59. hxg6 Ke5 60.
g7 Nxg7 {Game drawn because neither player has mating material} 1/2-1/2

[Event "ICS rated blitz match"]
[Site "204.178.125.65"]
[Date "2001.09.09"]
[Round "?"]
[White "monsoon"]
[Black "Hossa"]
[Result "1/2-1/2"]
[WhiteElo "2654"]
[BlackElo "2495"]
[PlyCount "228"]
[EventDate "2001.??.??"]

1. e4 c5 2. Nf3 Nc6 3. d4 cxd4 4. Nxd4 Qc7 5. Nc3 e6 6. Be2 a6 7. O-O Nf6 8.
Be3 Bb4 9. Na4 Bd6 10. g3 b5 11. Nb6 Rb8 12. Nxc8 Rxc8 13. a4 Nxd4 14. Bxd4 e5
15. Be3 Bc5 16. Qd3 Bxe3 17. Qxe3 bxa4 18. Bxa6 Rb8 19. b3 axb3 20. cxb3 Qb6
21. Qxb6 Rxb6 22. Bc4 O-O 23. f3 g5 24. Ra5 Re8 25. h3 Kg7 26. Rfa1 Rd6 27. Rc5
Nh5 28. Raa5 Nxg3 29. Rxe5 Rxe5 30. Rxe5 Kf6 31. Re8 Rd2 32. Rf8 h6 33. Rxf7+
Ke5 34. b4 d6 35. b5 Kd4 36. Rc7 Ke3 37. b6 Kxf3 38. Rf7+ Ke3 39. b7 Rb2 40. e5
dxe5 41. Bd5 Ne2+ 42. Kh1 Nf4 43. Bc6 Rb1+ 44. Kh2 Ne6 45. Re7 Rb2+ 46. Kg3 Nc5
47. Rxe5+ Kd4 48. Re7 h5 49. Bf3 g4 50. hxg4 hxg4 51. Bh1 Nxb7 52. Bxb7 Kc5 53.
Bg2 Rb4 54. Re5+ Kb6 55. Be4 Rb5 56. Re6+ Kc5 57. Kf4 g3 58. Rc6+ Kd4 59. Rd6+
Kc3 60. Rd3+ Kc4 61. Rd1 Kc3 62. Rg1 Kd4 63. Rg2 Rb3 64. Rd2+ Kc5 65. Rd5+ Kb6
66. Rd6+ Kc5 67. Rc6+ Kb4 68. Rc1 Rc3 69. Rb1+ Kc5 70. Bg2 Kd6 71. Rb6+ Kc7 72.
Rg6 Rd3 73. Rg7+ Kd6 74. Ke4 Rc3 75. Kd4 Rb3 76. Rg6+ Ke7 77. Bd5 Ra3 78. Ke5
Re3+ 79. Kf4 Rd3 80. Be4 Rc3 81. Ke5 Re3 82. Kd4 Rb3 83. Kc4 Ra3 84. Kb4 Re3
85. Bg2 Rd3 86. Kc4 Re3 87. Bd5 Ra3 88. Kb4 Rd3 89. Re6+ Kd7 90. Bc4 Rd6 91.
Re1 g2 92. Bb5+ Kc7 93. Rc1+ Kb6 94. Bc6 Rxc6 95. Rb1 g1=Q 96. Rxg1 Rd6 97. Rg2
Re6 98. Rg3 Rf6 99. Rg4 Rh6 100. Rg5 Rh4+ 101. Ka3 Rh3+ 102. Kb4 Rh2 103. Rg6+
Kc7 104. Rg7+ Kd6 105. Rg8 Rh1 106. Rf8 Rg1 107. Re8 Rh1 108. Rd8+ Ke6 109. Rc8
Rg1 110. Ra8 Rh1 111. Ra7 Rg1 112. Ra8 Rh1 113. Ra7 Rg1 114. Ra8 Rh1 {
Game drawn by repetition} 1/2-1/2